[Event "España ch sub-16 2009"]
[Site "Granada ESP"]
[Date "2009.07.14"]
[Round "1.1"]
[White "Arribas Lopez, Angel"]
[Black "Angeleri, Rodrigo Norberto"]
[Result "1-0"]
[WhiteElo "2429"]
[BlackElo "1826"]
[PlyCount "89"]
[EventDate "2009.07.14"]
[EventType "swiss"]
[EventRounds "9"]
[EventCountry "ESP"]
[Source "lmi"]
[SourceDate "2009.07.14"]

1. e4 c5 2. Nf3 d6 3. d4 cxd4 4. Nxd4 Nf6 5. Nc3 a6 6. h3 e5 7. Nde2 Be6 8. g4
Be7 9. Bg2 O-O 10. O-O Nbd7 11. Ng3 Ne8 12. Nf5 Bxf5 13. exf5 Rb8 14. Qe2 Bg5
15. Bxg5 Qxg5 16. Ne4 Qe7 17. Rad1 Ndf6 18. Nc3 h6 19. f4 Nd7 20. Nd5 Qd8 21.
fxe5 Nxe5 22. Qd2 f6 23. Rf2 Rf7 24. Ne3 Kh8 25. Bd5 Rc7 26. h4 b5 27. Qd4 Re7
28. Be6 Rxe6 29. fxe6 Qe7 30. Qd5 Qb7 31. g5 Qb6 32. Qd4 Qxd4 33. Rxd4 hxg5 34.
hxg5 fxg5 35. Nf5 Rd8 36. Nxd6 Nxd6 37. Rxd6 Rxd6 38. e7 Re6 39. Rf8+ Kh7 40.
e8=Q Rxe8 41. Rxe8 Nc4 42. b3 Na3 43. c3 a5 44. Ra8 Nb1 45. c4 1-0

[Event "España ch sub-16 2009"]
[Site "Granada ESP"]
[Date "2009.07.14"]
[Round "1.2"]
[White "Garro Beraza, Julen"]
[Black "Pardo Simon, David"]
[Result "0-1"]
[WhiteElo "1821"]
[BlackElo "2321"]
[PlyCount "72"]
[EventDate "2009.07.14"]
[EventType "swiss"]
[EventRounds "9"]
[EventCountry "ESP"]
[Source "lmi"]
[SourceDate "2009.07.14"]

1. e4 e5 2. Nf3 Nc6 3. Bc4 Nf6 4. d3 Be7 5. O-O O-O 6. Re1 d6 7. a4 h6 8. h3
Re8 9. a5 Bf8 10. Nc3 a6 11. Be3 Be6 12. Qd2 d5 13. exd5 Nxd5 14. Nxd5 Bxd5 15.
Bxd5 Qxd5 16. c3 Rad8 17. d4 e4 18. Nh2 Nxa5 19. Qc2 f5 20. Nf1 Rd6 21. Ra4 Nc6
22. c4 Qf7 23. c5 Be7 24. g3 g5 25. Qc4 Rd5 26. Nd2 Red8 27. Nb3 Kh8 28. Qc3 f4
29. Bd2 e3 30. fxe3 fxg3 31. Rf1 Rf5 32. Raa1 Rf8 33. Qd3 Rf2 34. Bc3 Qf3 35.
d5+ Bf6 36. Bxf6+ Rxf6 0-1

[Event "España ch sub-16 2009"]
[Site "Granada ESP"]
[Date "2009.07.14"]
[Round "1.3"]
[White "Forcen Esteban, Daniel"]
[Black "Diez Martinez, Manuel"]
[Result "1-0"]
[WhiteElo "2308"]
[BlackElo "1821"]
[PlyCount "77"]
[EventDate "2009.07.14"]
[EventType "swiss"]
[EventRounds "9"]
[EventCountry "ESP"]
[Source "lmi"]
[SourceDate "2009.07.14"]

1. e4 e5 2. Bc4 Nc6 3. Nc3 Bc5 4. Qg4 g6 5. Qg3 d6 6. Nge2 Be6 7. Bxe6 fxe6 8.
a3 a5 9. d3 Qd7 10. O-O Nf6 11. Bh6 Nd4 12. Nxd4 Bxd4 13. Qh4 Nh5 14. Rab1 Ng7
15. Ne2 Bb6 16. Kh1 O-O 17. f4 c6 18. fxe5 dxe5 19. Ng1 Bxg1 20. Rxg1 Rf7 21.
Be3 Nh5 22. Bc5 Rb8 23. Qg5 Qc7 24. Rgf1 Rf4 25. g4 Rxf1+ 26. Rxf1 Nf4 27. Qe7
Qd8 28. Qxd8+ Rxd8 29. Bb6 Ra8 30. Bc7 g5 31. Bxe5 Ng6 32. Bc3 a4 33. Bd2 h6
34. Rf6 Nf4 35. Bxf4 gxf4 36. Rxe6 Kg7 37. Re5 Rf8 38. Rf5 Rxf5 39. gxf5 1-0

[Event "España ch sub-16 2009"]
[Site "Granada ESP"]
[Date "2009.07.14"]
[Round "1.4"]
[White "Calderon Diestro, M. Victoria"]
[Black "Sanchez Ibern, Marc"]
[Result "0-1"]
[WhiteElo "1818"]
[BlackElo "2289"]
[PlyCount "33"]
[EventDate "2009.07.14"]
[EventType "swiss"]
[EventRounds "9"]
[EventCountry "ESP"]
[Source "lmi"]
[SourceDate "2009.07.14"]

1. e4 c5 2. Nf3 d6 3. c3 Nf6 4. h3 g6 5. Bd3 Bg7 6. Bc2 O-O 7. O-O Nc6 8. d4 b6
9. a3 Qc7 10. Be3 Nd7 11. Re1 e5 12. Bb3 Ba6 13. Bd5 Rac8 14. a4 Ne7 15. dxe5
Nxe5 16. Nxe5 dxe5 17. Nd2 0-1

[Event "España ch sub-16 2009"]
[Site "Granada ESP"]
[Date "2009.07.14"]
[Round "1.5"]
[White "Pintor Munoz, Antonio"]
[Black "Montoro Mavilla, Sergio"]
[Result "1-0"]
[WhiteElo "2278"]
[BlackElo "1817"]
[PlyCount "71"]
[EventDate "2009.07.14"]
[EventType "swiss"]
[EventRounds "9"]
[EventCountry "ESP"]
[Source "lmi"]
[SourceDate "2009.07.14"]

1. d4 Nf6 2. c4 g6 3. Nc3 Bg7 4. e4 d6 5. Nf3 O-O 6. Be2 e5 7. O-O Nc6 8. d5
Ne7 9. b4 Nd7 10. c5 f5 11. Ng5 Nf6 12. Bf3 fxe4 13. Ngxe4 Nf5 14. Bg5 h6 15.
Bxf6 Bxf6 16. Rc1 Bg5 17. Nxg5 Qxg5 18. Ne4 Qf4 19. g3 Nxg3 20. fxg3 Qe3+ 21.
Kg2 Bg4 22. Bxg4 Qxe4+ 23. Bf3 Qxb4 24. Qd3 Rf6 25. cxd6 Qxd6 26. Be4 Raf8 27.
Rxf6 Qxf6 28. Rf1 Qxf1+ 29. Qxf1 Rxf1 30. Kxf1 Kf7 31. Ke2 Kf6 32. Kf3 Kg5 33.
Bd3 Kf6 34. Ke4 a6 35. a4 a5 36. h4 1-0

[Event "España ch sub-16 2009"]
[Site "Granada ESP"]
[Date "2009.07.14"]
[Round "1.6"]
[White "Morona Minguez, Irene"]
[Black "Fernandez Garcia, Jose Miguel"]
[Result "0-1"]
[WhiteElo "1813"]
[BlackElo "2261"]
[PlyCount "114"]
[EventDate "2009.07.14"]
[EventType "swiss"]
[EventRounds "9"]
[EventCountry "ESP"]
[Source "lmi"]
[SourceDate "2009.07.14"]

1. e4 g6 2. d4 Bg7 3. Nf3 c5 4. dxc5 Qa5+ 5. Bd2 Qxc5 6. Nc3 Nf6 7. Bd3 d6 8.
O-O O-O 9. Be3 Qh5 10. Be2 Bg4 11. h3 Bxf3 12. Bxf3 Qe5 13. Bd4 Qe6 14. Bxf6
exf6 15. e5 Nc6 16. exd6 Rad8 17. Nb5 f5 18. c3 a6 19. Bxc6 bxc6 20. Re1 Qc4
21. Na3 Qc5 22. d7 Qa7 23. Qa4 Rxd7 24. Qxc6 Rd2 25. Qf3 Rxb2 26. Nc4 Rc2 27.
Rec1 Bxc3 28. Rxc2 Bxa1 29. Rc1 Bd4 30. Rb1 Qc5 31. Nd2 Qc2 32. Qd1 Qxa2 33.
Qe1 Bc3 34. Rd1 Rd8 35. Nf3 Bxe1 36. Rxd8+ Kg7 37. Nxe1 Qb1 38. Kf1 a5 39. Ke2
Qe4+ 40. Kd1 a4 41. Rd3 h5 42. f3 Qe5 43. Nc2 Qb2 44. Ra3 Qb1+ 45. Kd2 Qf1 46.
Ne3 Qf2+ 47. Kd3 f4 48. Nd5 Qb2 49. Rxa4 Qb5+ 50. Rc4 Qxd5+ 51. Kc3 Qd1 52. Kb2
Kh6 53. Rc2 Kg5 54. Kc3 Kh4 55. Rd2 Qe1 56. Kd3 Kg3 57. Re2 Qxe2+ 0-1

[Event "España ch sub-16 2009"]
[Site "Granada ESP"]
[Date "2009.07.14"]
[Round "1.7"]
[White "Antolin Concha, Diego"]
[Black "Medarde Santiago, Luis Marcos"]
[Result "1-0"]
[WhiteElo "2252"]
[BlackElo "1811"]
[PlyCount "77"]
[EventDate "2009.07.14"]
[EventType "swiss"]
[EventRounds "9"]
[EventCountry "ESP"]
[Source "lmi"]
[SourceDate "2009.07.14"]

1. d4 d5 2. c4 c6 3. Nc3 e6 4. Nf3 dxc4 5. e3 b5 6. a4 Bb4 7. Bd2 a5 8. axb5
Bxc3 9. Bxc3 cxb5 10. b3 Bb7 11. bxc4 b4 12. Bb2 Nf6 13. Be2 O-O 14. O-O Nbd7
15. Nd2 Qc7 16. Qb3 Rfb8 17. Bf3 Bxf3 18. Nxf3 Qc6 19. Nd2 a4 20. Qd3 a3 21.
Bc1 Qd6 22. Nb3 Qc6 23. c5 Qd5 24. f3 Ne5 25. Qc2 Qc4 26. Rf2 Qxc2 27. Rxc2 Nc6
28. Rb1 Na5 29. Nxa5 Rxa5 30. Ra2 Raa8 31. e4 e5 32. d5 Kf8 33. Rb3 Ke8 34. Be3
Kd7 35. Kf1 Kc7 36. Ke2 Ra5 37. Kd3 Nd7 38. Kc4 Rab5 39. c6 1-0

[Event "España ch sub-16 2009"]
[Site "Granada ESP"]
[Date "2009.07.14"]
[Round "1.10"]
[White "Barral Lijo, Javier"]
[Black "Coll Ortega, Jordi"]
[Result "1/2-1/2"]
[WhiteElo "1806"]
[BlackElo "2213"]
[PlyCount "106"]
[EventDate "2009.07.14"]
[EventType "swiss"]
[EventRounds "9"]
[EventCountry "ESP"]
[Source "lmi"]
[SourceDate "2009.07.14"]

1. e4 c5 2. Nf3 e6 3. d4 cxd4 4. Nxd4 Nc6 5. Nc3 Qc7 6. Be2 a6 7. O-O Nf6 8. a3
Nxd4 9. Qxd4 Bc5 10. Qd3 b5 11. Be3 Bb7 12. Rad1 Rc8 13. Rfe1 O-O 14. Bf3 Rfd8
15. Bxc5 Qxc5 16. e5 Bxf3 17. Qxf3 Ne8 18. Re2 d5 19. exd6 Rxd6 20. Red2 Rcd8
21. Ne4 Rxd2 22. Rxd2 Qc7 23. Qd1 Rxd2 24. Qxd2 Qe5 25. Nc3 Nd6 26. h3 h6 27.
b3 Nf5 28. Qd8+ Kh7 29. Qd2 Qd4 30. Qd3 Qxd3 31. cxd3 Nd4 32. b4 Nc2 33. Ne4
Nxa3 34. Nc5 Kg6 35. Kf1 Kf5 36. Ke2 Nb1 37. Nxa6 Nc3+ 38. Ke3 e5 39. Nc7 Na2
40. Na6 Nc3 41. Nc7 Na2 42. Na6 Ke6 43. Nc7+ Kd7 44. Nxb5 Nxb4 45. Nc3 Ke6 46.
Ne2 Nd5+ 47. Kd2 f5 48. g3 g5 49. Nc3 Nxc3 50. Kxc3 Kd5 51. Kd2 Kd4 52. Ke2 Kd5
53. Kd2 f4 1/2-1/2

[Event "España ch sub-16 2009"]
[Site "Granada ESP"]
[Date "2009.07.14"]
[Round "1.12"]
[White "Lopez Garralon, Miguel"]
[Black "Colon Garcia, Enrique"]
[Result "1/2-1/2"]
[WhiteElo "1796"]
[BlackElo "2173"]
[PlyCount "145"]
[EventDate "2009.07.14"]
[EventType "swiss"]
[EventRounds "9"]
[EventCountry "ESP"]
[Source "lmi"]
[SourceDate "2009.07.14"]

1. e4 c5 2. Na3 Nc6 3. c3 Nf6 4. d3 g6 5. g3 d5 6. exd5 Qxd5 7. Qf3 Qd8 8. h3
Bg7 9. Qd1 O-O 10. Nf3 e5 11. Be3 b6 12. Bg2 Nd5 13. O-O Nxe3 14. fxe3 Be6 15.
Qa4 Rc8 16. Rad1 f5 17. Nc2 Qe7 18. d4 cxd4 19. exd4 e4 20. d5 exf3 21. Bxf3
Ne5 22. dxe6 Nxf3+ 23. Rxf3 Qxe6 24. Re3 Qf6 25. Rd7 Rcd8 26. Qxa7 Rxd7 27.
Qxd7 f4 28. Qe6+ Qxe6 29. Rxe6 b5 30. gxf4 Rxf4 31. Rb6 Rf5 32. Na3 Bh6 33.
Rxb5 Be3+ 34. Kg2 Rf2+ 35. Kg3 h5 36. h4 Rf4 37. Rb4 Rf1 38. Nc2 Bh6 39. a4
Rg1+ 40. Kh2 Rd1 41. Rd4 Rb1 42. Rb4 Rd1 43. Na3 Bf8 44. Rd4 Re1 45. b4 Bg7 46.
Rd3 Be5+ 47. Kg2 Re4 48. Rh3 Re2+ 49. Kf1 Ra2 50. Nc4 Bf6 51. a5 Ra1+ 52. Ke2
Kf7 53. b5 Ra4 54. Kd3 Bd8 55. b6 Ke6 56. Re3+ Kd7 57. Re4 Ra1 58. Ne5+ Kc8 59.
Rb4 Kb7 60. Rb5 Bxh4 61. Nxg6 Bg3 62. Rxh5 Ka6 63. Ne7 Rxa5 64. Rxa5+ Kxa5 65.
Nd5 Ka6 66. c4 Bf2 67. Ke4 Bc5 68. Ke5 Kb7 69. Ke6 Ba3 70. Kd7 Bc5 71. Ne7 Kxb6
72. Nc8+ Kb7 73. Nd6+ 1/2-1/2

[Event "España ch sub-16 2009"]
[Site "Granada ESP"]
[Date "2009.07.14"]
[Round "1.13"]
[White "Gil Quilez, David"]
[Black "Martinez Fernandez, Raul"]
[Result "1-0"]
[WhiteElo "2163"]
[BlackElo "1788"]
[PlyCount "43"]
[EventDate "2009.07.14"]
[EventType "swiss"]
[EventRounds "9"]
[EventCountry "ESP"]
[Source "lmi"]
[SourceDate "2009.07.14"]

1. e4 e5 2. Nf3 Nc6 3. Bc4 Nf6 4. Ng5 d5 5. exd5 Na5 6. Bb5+ c6 7. dxc6 bxc6 8.
Qf3 Rb8 9. Bxc6+ Nxc6 10. Qxc6+ Nd7 11. d3 Bb7 12. Qc4 Qf6 13. Nc3 h6 14. Nge4
Qg6 15. Be3 f5 16. Nd2 Bxg2 17. Rg1 Rxb2 18. Qc8+ Ke7 19. Nd5+ Ke6 20. Qc6+ Bd6
21. Rxg2 Qh7 22. Nc4 1-0

[Event "España ch sub-16 2009"]
[Site "Granada ESP"]
[Date "2009.07.14"]
[Round "1.16"]
[White "Castillo Escario, Yolanda"]
[Black "Vazquez Torres, Adrian"]
[Result "0-1"]
[WhiteElo "1783"]
[BlackElo "2149"]
[PlyCount "40"]
[EventDate "2009.07.14"]
[EventType "swiss"]
[EventRounds "9"]
[EventCountry "ESP"]
[Source "lmi"]
[SourceDate "2009.07.14"]

1. e4 c5 2. Nf3 g6 3. d4 Bg7 4. Nc3 cxd4 5. Nxd4 Nc6 6. Nxc6 bxc6 7. Bc4 e6 8.
Qd6 Qe7 9. Bf4 e5 10. Qxe7+ Nxe7 11. Be3 O-O 12. O-O-O Re8 13. Rd3 a5 14. Bc5
d5 15. exd5 e4 16. Nxe4 cxd5 17. Bb5 dxe4 18. Bxe8 exd3 19. Bxe7 Bh6+ 20. Kd1
dxc2+ 0-1

[Event "España ch sub-16 2009"]
[Site "Granada ESP"]
[Date "2009.07.14"]
[Round "2.1"]
[White "Remoli Sargues, Lidia"]
[Black "Arribas Lopez, Angel"]
[Result "0-1"]
[WhiteElo "2002"]
[BlackElo "2429"]
[PlyCount "96"]
[EventDate "2009.07.14"]
[EventType "swiss"]
[EventRounds "9"]
[EventCountry "ESP"]
[Source "lmi"]
[SourceDate "2009.07.14"]

1. d4 Nf6 2. c4 g6 3. Nc3 Bg7 4. e4 d6 5. Be2 O-O 6. Nf3 Nbd7 7. Be3 e5 8. O-O
Re8 9. Qc2 exd4 10. Nxd4 c6 11. f3 a5 12. Qd2 Qe7 13. Nc2 Rf8 14. Bg5 Nc5 15.
Rad1 Rd8 16. Be3 b6 17. Bf4 Ne8 18. Rfe1 Bb7 19. Bf1 Qc7 20. Qe3 Rd7 21. Nd4
Re7 22. Qd2 Rd8 23. Qc2 Bxd4+ 24. Rxd4 Ne6 25. Qd2 Nxd4 26. Qxd4 f6 27. Be3 c5
28. Qd2 Ng7 29. Bf4 Bc6 30. Rd1 Qc8 31. Qc2 Qe6 32. Rd2 Nh5 33. Be3 Rb7 34. Qd1
f5 35. Bg5 Rdd7 36. exf5 gxf5 37. Bh4 Qg6 38. Bd3 Rf7 39. Bf1 Rbd7 40. Kh1 Qh6
41. Bd3 Nf4 42. Bg3 Nxd3 43. Rxd3 f4 44. Bf2 Rf5 45. Qb3 Re7 46. Qxb6 Rh5 47.
h3 Rxh3+ 48. gxh3 Qxh3+ 0-1

[Event "España ch sub-16 2009"]
[Site "Granada ESP"]
[Date "2009.07.14"]
[Round "2.2"]
[White "Pardo Simon, David"]
[Black "Silva Rodriguez, Julio"]
[Result "1-0"]
[WhiteElo "2321"]
[BlackElo "1990"]
[PlyCount "55"]
[EventDate "2009.07.14"]
[EventType "swiss"]
[EventRounds "9"]
[EventCountry "ESP"]
[Source "lmi"]
[SourceDate "2009.07.14"]

1. e4 e6 2. d4 d5 3. e5 c5 4. c3 Nc6 5. Be3 Qb6 6. Qd2 Bd7 7. Nf3 Rc8 8. Be2
cxd4 9. cxd4 Bb4 10. Nc3 Na5 11. O-O Ne7 12. Rab1 Nf5 13. g4 Ne7 14. a3 Bxc3
15. bxc3 Qc7 16. Qa2 O-O 17. Rfc1 Nc4 18. Nd2 b5 19. Nb3 Nxe3 20. fxe3 f6 21.
exf6 Rxf6 22. Nc5 Rh6 23. Bxb5 Bxb5 24. Rxb5 e5 25. Rb7 Qd6 26. Rf1 Rh4 27. Qf2
Rxg4+ 28. Kh1 1-0

[Event "España ch sub-16 2009"]
[Site "Granada ESP"]
[Date "2009.07.14"]
[Round "2.3"]
[White "Gallego Martin, Miguel"]
[Black "Forcen Esteban, Daniel"]
[Result "0-1"]
[WhiteElo "1976"]
[BlackElo "2308"]
[PlyCount "80"]
[EventDate "2009.07.14"]
[EventType "swiss"]
[EventRounds "9"]
[EventCountry "ESP"]
[Source "lmi"]
[SourceDate "2009.07.14"]

1. d4 Nf6 2. Bg5 c5 3. Bxf6 gxf6 4. d5 Qb6 5. Qc1 f5 6. c4 d6 7. Nc3 Bg7 8. e3
Nd7 9. f4 Nf6 10. Bd3 Qa5 11. Nge2 Bd7 12. O-O a6 13. a4 e6 14. Qc2 O-O-O 15.
dxe6 fxe6 16. e4 fxe4 17. Nxe4 Nxe4 18. Bxe4 Kb8 19. Rfd1 Bc8 20. Ra3 h5 21.
Rad3 Qc7 22. R1d2 Bf8 23. Qd1 Qf7 24. Rb3 Ka7 25. a5 Be7 26. Rb6 Rd7 27. Qb3
Bd8 28. Rbxd6 Rxd6 29. Rxd6 Bxa5 30. Qd3 Qf6 31. Qc2 Bc7 32. Rd3 e5 33. f5 Bxf5
34. Rf3 Bxe4 35. Qxe4 Qb6 36. Rf7 Bb8 37. Qc2 Qe6 38. Rf5 e4 39. Rd5 Rf8 40.
Rxh5 Qf7 0-1

[Event "España ch sub-16 2009"]
[Site "Granada ESP"]
[Date "2009.07.14"]
[Round "2.4"]
[White "Sanchez Ibern, Marc"]
[Black "Jimenez Lupianez, Laura"]
[Result "1-0"]
[WhiteElo "2289"]
[BlackElo "1968"]
[PlyCount "69"]
[EventDate "2009.07.14"]
[EventType "swiss"]
[EventRounds "9"]
[EventCountry "ESP"]
[Source "lmi"]
[SourceDate "2009.07.14"]

1. e4 e5 2. Nf3 Nc6 3. d4 exd4 4. Nxd4 Bc5 5. Nb3 Bb4+ 6. c3 Be7 7. g3 h5 8. h3
Nf6 9. Bg2 d6 10. Be3 Be6 11. N1d2 a5 12. Qe2 a4 13. Nd4 Nxd4 14. cxd4 d5 15.
e5 Nd7 16. O-O c6 17. f4 f5 18. exf6 gxf6 19. f5 Bf7 20. Rae1 Kf8 21. Bf4 a3
22. b3 Bb4 23. g4 hxg4 24. hxg4 Qb6 25. Qf2 Bc3 26. Be3 Re8 27. Nf3 Bxe1 28.
Rxe1 Qb4 29. Qg3 Qc3 30. Kf2 Re7 31. Bd2 Qb2 32. Qd6 Qxb3 33. axb3 Kg7 34. g5
a2 35. Qxf6+ 1-0

[Event "España ch sub-16 2009"]
[Site "Granada ESP"]
[Date "2009.07.14"]
[Round "2.5"]
[White "Galan Martin, Alejandro"]
[Black "Pintor Munoz, Antonio"]
[Result "1-0"]
[WhiteElo "1961"]
[BlackElo "2278"]
[PlyCount "67"]
[EventDate "2009.07.14"]
[EventType "swiss"]
[EventRounds "9"]
[EventCountry "ESP"]
[Source "lmi"]
[SourceDate "2009.07.14"]

1. e4 e6 2. d4 d5 3. Nc3 Nf6 4. exd5 exd5 5. Bg5 Be7 6. Bd3 Nc6 7. Nge2 O-O 8.
O-O Nb4 9. Re1 c6 10. Ng3 Nxd3 11. Qxd3 h6 12. Bf4 Re8 13. f3 Be6 14. Nd1 b6
15. Ne3 Bd6 16. Bxd6 Qxd6 17. c3 c5 18. a3 c4 19. Qc2 b5 20. Qd2 g6 21. Re2 a5
22. Rae1 Kh7 23. Nef1 b4 24. axb4 axb4 25. h4 b3 26. h5 gxh5 27. Re5 h4 28. Qf4
hxg3 29. Qxf6 Qf8 30. Nxg3 Qg7 31. Nh5 Qg6 32. Qf4 f5 33. Qh4 Kh8 34. Nf4 1-0

[Event "España ch sub-16 2009"]
[Site "Granada ESP"]
[Date "2009.07.14"]
[Round "2.6"]
[White "Fernandez Garcia, Jose Miguel"]
[Black "Marquez Ortiz De Zarate, Alberto"]
[Result "0-1"]
[WhiteElo "2261"]
[BlackElo "1956"]
[PlyCount "72"]
[EventDate "2009.07.14"]
[EventType "swiss"]
[EventRounds "9"]
[EventCountry "ESP"]
[Source "lmi"]
[SourceDate "2009.07.14"]

1. e4 e6 2. d3 d5 3. Nd2 Nf6 4. Ngf3 c5 5. g3 Nc6 6. Bg2 Be7 7. O-O O-O 8. Re1
b5 9. e5 Nd7 10. Nf1 a5 11. h4 b4 12. Bf4 Ba6 13. N1h2 Qb6 14. Bh3 c4 15. dxc4
Bxc4 16. Ng4 a4 17. Ne3 Nc5 18. b3 axb3 19. axb3 Bb5 20. Nd4 Rxa1 21. Qxa1 Ne4
22. Nxb5 Qxb5 23. Bf1 Qc5 24. Qd1 Nd4 25. Bd3 Qc3 26. Kg2 Rc8 27. f3 Nc5 28.
Bf1 Ra8 29. Qb1 Qd2+ 30. Kh3 Nxf3 31. Ng2 Qd4 32. Rd1 Qe4 33. c4 bxc3 34. Qc1
c2 35. Re1 Nxe1 36. Nxe1 Qh1+ 0-1

[Event "España ch sub-16 2009"]
[Site "Granada ESP"]
[Date "2009.07.14"]
[Round "2.7"]
[White "Calle Moreau, Sergio"]
[Black "Antolin Concha, Diego"]
[Result "0-1"]
[WhiteElo "1953"]
[BlackElo "2252"]
[PlyCount "76"]
[EventDate "2009.07.14"]
[EventType "swiss"]
[EventRounds "9"]
[EventCountry "ESP"]
[Source "lmi"]
[SourceDate "2009.07.14"]

1. e4 c5 2. Nf3 d6 3. d4 Nf6 4. Nc3 cxd4 5. Nxd4 a6 6. Bg5 e6 7. Bc4 b5 8. Bb3
Nbd7 9. O-O Nc5 10. Re1 Bb7 11. a3 Be7 12. Qf3 Nxb3 13. Nxb3 O-O 14. Rad1 Qb6
15. Qg3 Rfd8 16. Bh6 Ne8 17. Nd4 b4 18. axb4 Bf6 19. Nb3 Qxb4 20. Re3 a5 21.
Rf3 Bxc3 22. bxc3 Qxe4 23. Nd4 Qg6 24. Qxg6 hxg6 25. Bc1 Bxf3 26. Nxf3 d5 27.
Nd4 Rdc8 28. Bd2 Nd6 29. Ra1 a4 30. Bf4 Ne4 31. h3 a3 32. Nb5 Nxc3 33. Nxc3
Rxc3 34. Ra2 f6 35. Bd6 e5 36. Bb4 Rc4 37. Rxa3 Rxa3 38. Bxa3 g5 0-1

[Event "España ch sub-16 2009"]
[Site "Granada ESP"]
[Date "2009.07.14"]
[Round "2.8"]
[White "Alcaraz Ortega, Javier"]
[Black "Navia Martin, Sergio"]
[Result "1-0"]
[WhiteElo "2241"]
[BlackElo "1928"]
[PlyCount "47"]
[EventDate "2009.07.14"]
[EventType "swiss"]
[EventRounds "9"]
[EventCountry "ESP"]
[Source "lmi"]
[SourceDate "2009.07.14"]

1. Nf3 Nf6 2. c4 g6 3. Nc3 Bg7 4. e4 d6 5. d4 O-O 6. Be2 Nbd7 7. O-O e5 8. Re1
c6 9. Rb1 a5 10. b3 Re8 11. Bf1 exd4 12. Nxd4 Ng4 13. f3 Qb6 14. Nce2 Nge5 15.
Be3 Nc5 16. Nc3 Qc7 17. Qd2 Be6 18. Rbd1 Rad8 19. Qf2 Ncd7 20. h3 f5 21. Bg5
fxe4 22. Bxd8 Qxd8 23. Nxe4 Qc7 24. Ng5 1-0

[Event "España ch sub-16 2009"]
[Site "Granada ESP"]
[Date "2009.07.14"]
[Round "2.9"]
[White "Panella Navarro, Sergi"]
[Black "Pruja Ramirez De Cartagena, Marc"]
[Result "0-1"]
[WhiteElo "1949"]
[BlackElo "2214"]
[PlyCount "76"]
[EventDate "2009.07.14"]
[EventType "swiss"]
[EventRounds "9"]
[EventCountry "ESP"]
[Source "lmi"]
[SourceDate "2009.07.14"]

1. e4 c5 2. c3 d5 3. exd5 Qxd5 4. d4 g6 5. Nf3 Bg7 6. Be3 cxd4 7. cxd4 Qa5+ 8.
Nc3 Nf6 9. Bc4 O-O 10. O-O Bg4 11. h3 Bxf3 12. Qxf3 Nc6 13. a3 Rad8 14. Rad1
Ne8 15. Rfe1 Nd6 16. Bd5 Qc7 17. Bxc6 bxc6 18. Bg5 Rfe8 19. d5 c5 20. Qe2 Qb7
21. Na4 Rc8 22. Bf4 Nf5 23. d6 Qd7 24. Qa6 exd6 25. Rxe8+ Qxe8 26. Nc3 Rd8 27.
Qxa7 Nd4 28. Qa6 Qe6 29. a4 d5 30. Qxe6 fxe6 31. Bc7 Rc8 32. Bb6 Nb3 33. Nb5 c4
34. a5 Bxb2 35. a6 c3 36. Nc7 c2 37. Re1 Bc3 38. Rf1 Be5 0-1

[Event "España ch sub-16 2009"]
[Site "Granada ESP"]
[Date "2009.07.14"]
[Round "2.10"]
[White "Villasenor Rubio, Emilio Jose"]
[Black "Cruz Lledo, Pablo"]
[Result "0-1"]
[WhiteElo "1937"]
[BlackElo "2190"]
[PlyCount "58"]
[EventDate "2009.07.14"]
[EventType "swiss"]
[EventRounds "9"]
[EventCountry "ESP"]
[Source "lmi"]
[SourceDate "2009.07.14"]

1. e4 c6 2. d4 d5 3. e5 Bf5 4. Nc3 e6 5. g4 Bg6 6. Nge2 c5 7. h4 h5 8. Nf4 Bh7
9. Nxh5 cxd4 10. Qxd4 Nc6 11. Qa4 Qd7 12. Bf4 Nge7 13. O-O-O Ng6 14. Bg5 Ngxe5
15. Bg2 Nb4 16. Qxd7+ Kxd7 17. a3 Nbc6 18. Rhe1 f6 19. Bxd5 exd5 20. Nxd5 Nd3+
21. cxd3 fxg5 22. hxg5 Bg8 23. Ndf4 Bb3 24. Rd2 Bd6 25. Ng6 Rhe8 26. Rde2 Rxe2
27. Rxe2 Rc8 28. Kb1 Nd4 29. Re3 Rc2 0-1

[Event "España ch sub-16 2009"]
[Site "Granada ESP"]
[Date "2009.07.14"]
[Round "2.11"]
[White "Remolar Gallen, Jose"]
[Black "Gil Quilez, David"]
[Result "1-0"]
[WhiteElo "1925"]
[BlackElo "2163"]
[PlyCount "57"]
[EventDate "2009.07.14"]
[EventType "swiss"]
[EventRounds "9"]
[EventCountry "ESP"]
[Source "lmi"]
[SourceDate "2009.07.14"]

1. e4 e5 2. f4 exf4 3. Nf3 Ne7 4. Bc4 Ng6 5. O-O Be7 6. d4 O-O 7. Nc3 c6 8. a4
Na6 9. Ne2 Nc7 10. Nxf4 d5 11. Bd3 dxe4 12. Nxg6 hxg6 13. Bxe4 Nd5 14. Ne5 Nf6
15. Bf3 Be6 16. c4 Nd7 17. Nxd7 Qxd7 18. d5 cxd5 19. cxd5 Bf5 20. g4 Bc5+ 21.
Kh1 Rad8 22. gxf5 Qxf5 23. Bg2 Qe5 24. Bf4 Qxb2 25. Rb1 Qa2 26. Rxb7 Rde8 27.
d6 g5 28. d7 Re2 29. Bd5 1-0

[Event "España ch sub-16 2009"]
[Site "Granada ESP"]
[Date "2009.07.14"]
[Round "2.12"]
[White "Bendayan Claros, Aaron"]
[Black "Triadu Cassa, Jordi"]
[Result "1-0"]
[WhiteElo "2151"]
[BlackElo "1882"]
[PlyCount "105"]
[EventDate "2009.07.14"]
[EventType "swiss"]
[EventRounds "9"]
[EventCountry "ESP"]
[Source "lmi"]
[SourceDate "2009.07.14"]

1. d4 d5 2. Nf3 Nf6 3. c4 c6 4. Nc3 dxc4 5. e3 b5 6. a4 b4 7. Na2 e6 8. Bxc4
Be7 9. O-O O-O 10. Qe2 Bb7 11. Bd2 a5 12. Nc1 Nbd7 13. Nb3 c5 14. Rfd1 Qb6 15.
Rac1 Rac8 16. Bb5 Bd5 17. Nxc5 Bxc5 18. dxc5 Nxc5 19. Nd4 Rc7 20. Be1 Rfc8 21.
f3 e5 22. Nf5 Nb3 23. Ne7+ Kf8 24. Nxc8 Nxc1 25. Nxb6 Nxe2+ 26. Bxe2 Bb3 27.
Rd2 Rc6 28. Nd7+ Nxd7 29. Rxd7 Rc2 30. Bd1 Rxb2 31. Bxb3 Rxb3 32. Ra7 Rxe3 33.
Kf2 Ra3 34. Rxa5 Ra2+ 35. Ke3 b3 36. Rxe5 Rxa4 37. Rb5 Ra2 38. Rxb3 Rxg2 39.
Bg3 f6 40. Rb7 h5 41. Ke4 g6 42. Kd5 Re2 43. Bd6+ Kg8 44. Re7 Rf2 45. Ke4 Rd2
46. Rd7 Re2+ 47. Kd5 Rf2 48. Ke6 Rxf3 49. Be7 g5 50. Bxf6 Re3+ 51. Kf5 g4 52.
Kg6 g3 53. Rd8+ 1-0

[Event "España ch sub-16 2009"]
[Site "Granada ESP"]
[Date "2009.07.14"]
[Round "2.13"]
[White "Sanchez Urpi, Oriol"]
[Black "Rioboo De Larriva, Alvaro"]
[Result "1-0"]
[WhiteElo "1889"]
[BlackElo "2150"]
[PlyCount "85"]
[EventDate "2009.07.14"]
[EventType "swiss"]
[EventRounds "9"]
[EventCountry "ESP"]
[Source "lmi"]
[SourceDate "2009.07.14"]

1. e4 c5 2. Nf3 g6 3. d4 cxd4 4. Nxd4 Nc6 5. Nc3 Bg7 6. Be3 Nf6 7. Nxc6 bxc6 8.
e5 Ng8 9. Bd4 Nh6 10. e6 f6 11. exd7+ Bxd7 12. Bc4 Qa5 13. O-O Rd8 14. Re1 Bg4
15. f3 e5 16. fxg4 c5 17. Bb5+ Kf7 18. Bxc5 Rxd1 19. Rexd1 Bf8 20. Bc4+ Ke8 21.
Bb5+ Kf7 22. Rd7+ Ke6 23. Bxa7 Nxg4 24. h3 Bb4 25. Rad1 h5 26. Bc4+ Kf5 27.
hxg4+ hxg4 28. Rf1+ Kg5 29. Be3+ Kh4 30. Ne4 f5 31. g3+ Kh3 32. Kf2 Kh2 33.
Rdd1 Be1+ 34. Rdxe1 Qxe1+ 35. Rxe1 fxe4 36. Bd5 g5 37. Bxe4 Rf8+ 38. Bf4 Rxf4+
39. gxf4 g3+ 40. Kf3 exf4 41. Kg4 f3 42. Bxf3 g2 43. Kxg5 1-0